Zkušenosti se zaváděním mechanizované a automatické montáže elektrotechnických výrobků

Bibliographic Details
Main Author: Otradovský, Josef (Author)
Format: Article
Language:Czech
Subjects:

MARC

LEADER 00000nab a2200000 a 4500
001 vtls000376185
003 SK-MaSNL
005 20260303210659.0
008 160201c1988 xo 0 cze
015 |a SNBRA19rr/mm-uuuuu 
035 |a CL0376307 
040 |a SNKBUCL  |b slo  |c SNKBUCL  |e AACR2 
041 0 |a cze 
044 |a xo  |c SK 
080 |a 621.3:64:621.757:007.52  |2 1981 
080 |a 64  |2 1981 
080 |a 621.757  |2 1981 
080 |a 007.52  |2 1981 
100 1 |a Otradovský, Josef  |4 aut  |9 1242729 
245 1 0 |a Zkušenosti se zaváděním mechanizované a automatické montáže elektrotechnických výrobků  |c Josef Otradovský 
650 0 7 |a elektrické spotrebiče  |2 snkbucl  |9 58058 
650 0 7 |a automatizovaná montáž  |2 snkbucl  |9 296341 
650 0 7 |a Elektro-Praga, n.p., Hlinsko v Čechách  |2 snkbucl  |9 1242730 
655 7 |a články zo zborníkov  |2 snkbucl  |9 166140 
773 0 |t Progresívne manipulačné systémy pre automatizovanú montáž strojárskych a elektrotechnických výrobkov  |d Bratislava : Dom techniky ČSVTS, 1988 
850 |a Slovenská národná knižnica v Martine  |a MTA001 
852 |a SNK  |b KIS3GCP 
958 |a RK 
958 |a CZ 
992 |a RZB 
999 |c 2201232  |d 2203162